Normal view MARC view

Entry Personal Name

Number of records used in: 1

001 - CONTROL NUMBER

  • control field: 48211

003 - CONTROL NUMBER IDENTIFIER

  • control field: OSt

005 - DATE AND TIME OF LATEST TRANSACTION

  • control field: 20241010165317.0

008 - FIXED-LENGTH DATA ELEMENTS

  • fixed length control field: 241010|| aca||aabn | a|a d

040 ## - CATALOGING SOURCE

  • Original cataloging agency: OSt
  • Transcribing agency: OSt

100 ## - HEADING--PERSONAL NAME

  • Personal name: Young, Sarah L. and Tanner, James

670 ## - SOURCE DATA FOUND

  • Source citation: Work cat.: (OSt)524801: Young, Sarah L. and Tanner, James, Citizen participation matters. bureaucratic discretion matters more

Powered by Koha